书目信息 |
| 题名: |
Q版漫画素描技法
|
|
| 作者: | ;MOCA动漫 著 | |
| 分册: | ||
| 出版信息: | 北京 电子工业出版社 2020.2 |
|
| 页数: | 120页 | |
| 开本: | 26cm | |
| 丛书名: | ||
| 单 册: | ||
| 中图分类: | J218.2 | |
| 科图分类: | ||
| 主题词: | 漫画--素描技法 | |
| 电子资源: | ||
| ISBN: | 978-7-121-31454-4 | |
| 000 | 00802nam0 2200241 45 | |
| 001 | 012001001122 | |
| 005 | 20130910150921.0 | |
| 010 | @a978-7-121-31454-4@dCNY22.00 | |
| 099 | @aCAL 012018010341 | |
| 100 | @a20171011d2017 em y0chiy0110 ea | |
| 101 | 0 | @achi |
| 102 | @aCN@b110000 | |
| 105 | @aa z 000yy | |
| 106 | @ar | |
| 200 | 1 | @aQ版漫画素描技法@AQ ban man hua su miao ji fa@fMOCA动漫著 |
| 210 | @a北京@c电子工业出版社@d2020.2 | |
| 215 | @a120页@c图@d26cm | |
| 330 | @a本书介绍了Q版漫画的各种绘画技法。详细介绍了Q版漫画人物的五官、头发、身体、动态及服装的画法, 同时还介绍了Q版漫画常见的物品、动物、植物及场景的画法。 | |
| 606 | 0 | @a漫画@x素描技法 |
| 690 | @aJ218.2@v5 | |
| 711 | 02 | @aMOCA动漫@AMOCA dong man@4著 |
| 801 | @aCN@b江苏凤凰@c20211018 | |
| 905 | @b1342283-6@dJ218.2@e1302@f4 | |
| Q版漫画素描技法/MOCA动漫著.-北京:电子工业出版社,2020.2 |
| 120页:图;26cm |
| ISBN 978-7-121-31454-4:CNY22.00 |
| 本书介绍了Q版漫画的各种绘画技法。详细介绍了Q版漫画人物的五官、头发、身体、动态及服装的画法, 同时还介绍了Q版漫画常见的物品、动物、植物及场景的画法。 |
| ● |
| 相关链接 |
|
|
|
|
正题名:Q版漫画素描技法
索取号:J218.2/1302
 
预约/预借
| 序号 | 登录号 | 条形码 | 馆藏地/架位号 | 状态 | 备注 |
| 1 | 1342283 | 213422839 | 第一样本阅览室/ [索取号:J218.2/1302] | 在馆 | |
| 2 | 1342284 | 213422848 | 第一借阅区/ [索取号:J218.2/1302] | 在馆 | |
| 3 | 1342285 | 213422857 | 第一借阅区/ [索取号:J218.2/1302] | 在馆 | |
| 4 | 1342286 | 213422866 | 第一借阅区/ [索取号:J218.2/1302] | 在馆 |